00572nam a22001817a 4500003000900000005001700009008004800026020001500074040002200089100003300111240003800144245007300182260004300255300002400298490001800322700003200340830001800372DO-SdBNP20171213080735.0151202b 1978 sp xxu||||| |||| 00| 0 spa d a842700480X aBPMSUbspacBPMSU1 aLundgren, Max, d1937-2005.10aOle kallar mej Lise.lEspañol. 10aEl amor de Lisa /cMax Lundgren ; traducción de R. Muñoz Urpina. aBarcelona : bMartínez Roca, c1978. a121 p. ; c20 cm. 1 aFontana joven12aMuñoz Urpina, Rosa, etr. 0aFontana joven